| 000 | 00976nam a2200253 4500 | ||
|---|---|---|---|
| 003 | OSt | ||
| 005 | 20231017140134.0 | ||
| 008 | 231017s2022 mx a|||f |||| 001 0 spa d | ||
| 040 |
_erda _cCHAP |
||
| 082 | 0 | 0 |
_222 _a631.4972 _bE82 |
| 245 | 0 | 0 |
_aEstrategia Nacional de Suelo para la Agricultura Sostenible (ENASAS) / _cproducido por Secretaria de Agricultura y Desarrollo Rural |
| 264 | 1 |
_aMéxico: _bSecretaria de Agricultura y Desarrollo Rural, _c2022. |
|
| 300 |
_a61 páginas: _bIlustraciones, cuadros |
||
| 336 |
_2rdacontent _atexto _btxt |
||
| 337 |
_2rdamedia _asin medio _bn |
||
| 338 |
_2rdacarrier _avolumen _bnc |
||
| 504 | _aIncluye índice y bibliografía | ||
| 650 | 4 |
_9139361 _aDesarrollo sustentable _x México |
|
| 650 | 4 |
_9110431 _aSuelos _xMejoramiento |
|
| 650 | 4 |
_9110306 _aSuelos _xConservación _xMéxico |
|
| 650 | 4 |
_9110336 _aSuelos _xDegradación |
|
| 710 | 0 |
_976866 _aMéxico. _bSecretaría de Agricultura, Ganadería y Desarrollo Rural |
|
| 942 | _cLIBRO | ||
| 999 |
_c219274 _d219274 |
||